Statystyki dla Angielskie słówka 4

Kliknij tutaj aby rozwiązać quiz!

Ogólne statystyki

  • Ten quiz został rozwiązany 234 razy
  • Średni wynik to 32 z 45

Statystyki odpowiedzi

CzasownikTłumaczenie% Poprawnych
HaveMieć/Posiadać
99%
GoIść/pójść/pojechać
97%
MakeRobić/Produkować
97%
DoWykonywać/robić
97%
BeByć
96%
CanMóc/potrafić
96%
TellPowiedzieć/mówić
96%
SayMówić
94%
KnowWiedzieć
94%
MightMóc/mógłby
93%
SeeWidzieć
93%
ThinkMyśleć/Sądzić/Uważać
92%
WorkPracować
91%
NeedMusieć/potrzebować
87%
WantChcieć
86%
CallDzwonić
86%
MayMóc
86%
PlayBawić się/grać
85%
LikeLubić/podobać się
85%
LookPatrzeć
85%
AskPytać
85%
RunBiegać/uciekać
84%
TryPróbować/usiłować
84%
GiveDawać/podarować
83%
UseUżywać/korzystać
83%
TakeBrać/Zabierać
81%
HelpPomagać
80%
TalkRozmawiać
76%
HearSłyszeć/usłyszeć
75%
KeepTrzymać/zatrzymywać/zachować
66%
ShowPokazywać/prezentować
64%
ShouldPowinien/powinna
55%
FindZnajdować/odkrywać
52%
PutPostawić/położyć
51%
BeginZapoczątkować/zaczynać/rozpoczynać
48%
GetDostawać/otrzymywać
39%
LeaveWychodzić/wyjeżdżać
39%
TurnObracać/skręcać/odwracać
36%
LetPozwalać/zezwalać
33%
MeanZnaczyć
32%
BecomeStawać się
31%
FeelDoświadczać/odczuwać
30%
SeemWydawać się
18%
MovePrzenosić
4%
ComePodchodzić/zbliżać się
3%

Rozkład punktacji

Percentyl według liczby udzielonych odpowiedzi

Procent ludzi z każdym wynikiem

Twoja historia wyników

Nie rozwiązałeś tego quizu